000 00386nam a2200133Ia 4500
008 231129s1971||||xx |||||||||||||| ||spa||
040 _bspa
082 _aR 780.9 H582m
100 _aHerzfeld Friedrich
245 0 _aLos maravillosos caminos de la musica : Una introduccion para los aficionados al arte musical
260 _c1971
264 _aCirculo de Lectores
942 _2ddc
_cBKS
999 _c19811
_d19811